| 000 | 00910nam a22002417a 4500 | ||
|---|---|---|---|
| 008 | 081212t xxu||||| |||| 00| 0beng d | ||
| 010 | _aENG-98823 | ||
| 020 |
_c100.00 _a9788190751902 |
||
| 035 | _aEN-82355 | ||
| 037 | _bDBAD / PUB | ||
| 040 |
_adpl _bEnglish |
||
| 082 | _a628.50287 | ||
| 100 |
_93724 _aTamilselvi, M. |
||
| 245 |
_aKinetics, complexes & environmental analysis / _cby M. Tamilselvi |
||
| 260 |
_aChennai _bSathya Publications _c2008 |
||
| 270 |
_aPlot No. 13, Door No. 5, Saraswathi Street, Ramadoss Nagar, Chitlapakkam, _bChennai _e600064 |
||
| 300 |
_avarious pagings _c22cm (pbk) |
||
| 600 |
_aBaba Visakha Singh _xBiography. _93725 |
||
| 650 | _98634 | ||
| 700 | _96162 | ||
| 942 |
_2ddc _cEN _mTAM _h628.50287 |
||
| 999 |
_c40155 _d40155 |
||